Southville International School and Colleges
Your cart is empty.
  • Cart
  • Lists
    Public lists Eva Luna New books Lux_list list_1
    Your lists Log in to create your own lists
  • Log in to your account
  • Your cookies
  • Search history
Southville International School and Colleges
  • Advanced search
  • Recent comments
  • Most popular
  • Libraries

Log in to your account

Log in with GOOGLE


If you do not have an external account, but do have a local account, you can still log in:

  1. Home
  2. MARC view: The role of students in democratization of South Korean politics /
Normal view MARC view ISBD view

The role of students in democratization of South Korean politics / (Record no. 98493)

[ view plain ]
MARC details
000 -LEADER
fixed length control field 00835nam a2200217 a 4500
003 - CONTROL NUMBER IDENTIFIER
control field 0
005 - DATE AND TIME OF LATEST TRANSACTION
control field 20250224111847.0
008 - FIXED-LENGTH DATA ELEMENTS--GENERAL INFORMATION
fixed length control field 101112s19uu xx 00 eng d
050 ## - LIBRARY OF CONGRESS CALL NUMBER
Classification number PHS DS 922.43
Item number .An1 2010
100 ## - MAIN ENTRY--PERSONAL NAME
Personal name An, Hyung Jun.
245 ## - TITLE STATEMENT
Title The role of students in democratization of South Korean politics /
Statement of responsibility, etc Hyung Jun An.
260 ## - PUBLICATION, DISTRIBUTION, ETC. (IMPRINT)
Place of publication, distribution, etc Las Piñas City, Philippines :
Name of publisher, distributor, etc Southville International School and Colleges,
Date of publication, distribution, etc 2010.
300 ## - PHYSICAL DESCRIPTION
Extent 25 pages :
Other physical details illustrations ;
Dimensions 30 cm.
504 ## - BIBLIOGRAPHY, ETC. NOTE
Bibliography, etc Includes bibliographical references.
650 ## - SUBJECT ADDED ENTRY--TOPICAL TERM
Topical term or geographic name as entry element South Korea
General subdivision Politics and government
Form subdivision 20th century.
650 ## - SUBJECT ADDED ENTRY--TOPICAL TERM
Topical term or geographic name as entry element Democratization
Geographic subdivision South Korea.
650 ## - SUBJECT ADDED ENTRY--TOPICAL TERM
Topical term or geographic name as entry element Political participation
General subdivision Students
Geographic subdivision South Korea.
650 ## - SUBJECT ADDED ENTRY--TOPICAL TERM
Topical term or geographic name as entry element Student movements
Geographic subdivision South Korea.
650 ## - SUBJECT ADDED ENTRY--TOPICAL TERM
Topical term or geographic name as entry element Youth
General subdivision Political activity
Geographic subdivision South Korea.
942 ## - ADDED ENTRY ELEMENTS (KOHA)
Source of classification or shelving scheme Library of Congress Classification
Koha item type PASS
Holdings
Withdrawn status Lost status Source of classification or shelving scheme Damaged status Home library Current library Shelving location Date acquired Source of acquisition Total Checkouts Full call number Barcode Date last seen Price effective from Koha item type
    Library of Congress Classification   Luxembourg Library Luxembourg Library Portfolio Assessment of SISC Students Section 11/12/2010 Donation   PHS DS 922.43 .An1 2010 P2593 04/08/2014 04/08/2014 PASS

The role of students in democratization of South Korean politics /

APA

An H. J., . (2010). The role of students in democratization of South Korean politics. Las Piñas City, Philippines: Southville International School and Colleges.

Chicago

An Hyung Jun, . 2010. The role of students in democratization of South Korean politics. Las Piñas City, Philippines: Southville International School and Colleges.

Harvard

An H. J., . (2010). The role of students in democratization of South Korean politics. Las Piñas City, Philippines: Southville International School and Colleges.

MLA

An Hyung Jun, . The role of students in democratization of South Korean politics. Las Piñas City, Philippines: Southville International School and Colleges. 2010.

  • Print
  • Cite
  • Add to your cart (remove)
  • Save record
    BIBTEX Dublin Core MARCXML MARC (non-Unicode/MARC-8) MARC (Unicode/UTF-8) MARC (Unicode/UTF-8, Standard) MODS (XML) RIS
  • More searches
    Search for this title in:
    Other Libraries (WorldCat) Other Databases (Google Scholar) Online Stores (Bookfinder.com) Open Library (openlibrary.org)

Exporting to Dublin Core...

SOUTHVILLE LIBRARY

Southville International School and Colleges Library

1281 Tropical Ave. Cor. Luxembourg St., BF Homes International, Las Pinas City

Tel. No. 8256374 / 252358 Loc. 117/146

Powered by Koha